Statystyki dla KOLORY BIL W BILARDZIE:

Kliknij tutaj aby rozwiązać quiz!

Ogólne statystyki

  • Ten quiz został rozwiązany 170 razy
  • Średni wynik to 6 z 6

Statystyki odpowiedzi

HintOdpowiedź% Poprawnych
1.CZARNY
99%
3.CZERWONY
97%
4.NIEBIESKI
97%
6.ZIELONY
97%
5.ŻÓŁTY
97%
2.BIAŁY
95%

Rozkład punktacji

Percentyl według liczby udzielonych odpowiedzi

Procent ludzi z każdym wynikiem

Twoja historia wyników

Nie rozwiązałeś tego quizu